Osudová past Spojené státy versus Čína a Thúkýdidovo poučení z dějin
Enregistré dans:
| Auteur principal: | |
|---|---|
| Autres auteurs: | |
| Format: | Livre |
| Langue: | tchèque |
| Publié: |
Praha
PROSTOR
2018
|
| Édition: | 1. vydání |
| Collection: | Edice Globus
1. svazek |
| Sujets: | |
| Tags: |
Pas de tags, Soyez le premier à ajouter un tag!
|
MARC
| LEADER | 00000nam a2200000 4500 | ||
|---|---|---|---|
| 001 | 0247710 | ||
| 005 | 20240221113051.0 | ||
| 020 | |a 978-80-7260-384-8 | ||
| 041 | 0 | |a cze | |
| 044 | |a CZ | ||
| 245 | 1 | 0 | |a Osudová past |b Spojené státy versus Čína a Thúkýdidovo poučení z dějin |c Graham Allison ; přeložil: Martin Pokorný |
| 250 | |a 1. vydání | ||
| 264 | 1 | |a Praha |b PROSTOR |c 2018 | |
| 300 | |a 535 s. | ||
| 490 | 1 | |a Edice Globus |v 1. svazek | |
| 830 | 0 | |a Edice Globus |v 1. svazek | |
| 610 | 2 | 0 | |a vzťahy medzinárodné |
| 610 | 2 | 0 | |a politika medzinárodná |
| 610 | 2 | 0 | |a moc štátna |
| 610 | 2 | 0 | |a moc politická |
| 610 | 2 | 0 | |a systémy politické |
| 610 | 2 | 0 | |a konflikty medzinárodné |
| 610 | 2 | 0 | |a prognózy |
| 610 | 2 | 0 | |a vojny |
| 610 | 2 | 0 | |a dejiny |
| 610 | 2 | 0 | |a porovnanie medzinárodné |
| 610 | 2 | 0 | |a USA |
| 610 | 2 | 0 | |a Čína |
| 100 | 1 | |a Allison, Graham | |
| 700 | 1 | |a Pokorný, Martin | |